| 000 | 00571nam a2200241Ia 4500 | ||
|---|---|---|---|
| 003 | OSt | ||
| 005 | 20220912151950.0 | ||
| 006 | a|||||r|||| 00| 0 | ||
| 007 | ta | ||
| 008 | 220909b |||||||| |||| 00| 0 eng d | ||
| 024 | _a63403 | ||
| 037 | _cTextual | ||
| 040 |
_aCSL _beng _cCSL |
||
| 041 | _aeng | ||
| 082 | _aL:49(U287), K4 | ||
| 100 | _aLicht Sidney Ed. | ||
| 245 | 0 | _aMedical climatology | |
| 260 | _c1964 | ||
| 300 |
_ap. _ccm. |
||
| 650 | _aMedicine | ||
| 942 |
_hL:49(U287), K4 _cTEXL _2CC |
||
| 999 |
_c78338 _d78338 |
||